000 00919 a2200229 4500
999 _c5343
_d5343
020 _a9781416033424 (pbk.)
020 _a1416033424
050 0 0 _aRT86.7 FIN 2007
100 1 _aFinkler, Steven A.
_eauthor
245 1 0 _aFinancial management for nurse managers and executives /
_cSteven A. Finkler, Christine T. Kovner, Cheryl Bland Jones.
250 _a3rd ed.
264 _aMissouri :
_bSaunders Elsevier,
_c2007.
300 _axxii, 518 p. :
_bill. ;
500 _a2010 August moisture damage - pages ruffled but not stuck. Replace. edm
504 _aIncludes bibliographical references and index.
650 0 _aNursing services
_xBusiness management.
650 0 _aHealth facilities
_xBusiness management.
700 1 _aKovner, Christine Tassone.
_eauthor
700 1 _aJones, Cheryl Bland.
_eauthor
942 _2lcc
_cBK
_e3rd edition
_h86.7
_iFIN
_kRT